[Event "Challenge"]
[Site "http://www.queenalice.com/game.php?id=1106825"]
[Date "2012.9.27"]
[Round "-"]
[White "pablonet"]
[Black "hdlp"]
[Result "1-0"]
[WhiteElo "1651"]
[BlackElo "1673"]

1. e4 e5 2. Nf3 Nc6 3. Bc4 Nf6 4. d4 Nxe4 5. d5 Nd4 6. Nxd4 exd4 7. Qxd4 Nf6 8.
O-O Bd6 9. Bf4 O-O 10. Bxd6 cxd6 11. Nc3 Re8 12. Nb5 Re4 13. Qd3 Qb6 14. Rfe1
Rf4 15. Rf1 a6 16. Nc3 Qxb2 17. Bb3 Qa3 18. Qe3 Qb4 19. a3 Qd4 20. Qxd4 Rxd4 21.
Rfe1 b5 22. Red1 Rg4 23. Ne2 Bb7 24. c4 Ne4 25. f3 Rg6 26. fxe4 Re8 27. Ng3 Re5
28. Re1 Reg5 29. Rac1 h5 30. Re2 h4 31. Nf5 Kf8 32. cxb5 h3 33. g3 axb5 34. Rc7
Ba6 35. Ra7 b4 36. Rxa6 bxa3 37. Rxa3 Kg8 38. Ra7 f6 39. Rxd7 1-0

[Event "Challenge"]
[Site "http://www.queenalice.com/game.php?id=1110017"]
[Date "2012.10.6"]
[Round "-"]
[White "bumpywater"]
[Black "pablonet"]
[Result "1-0"]
[WhiteElo "1812"]
[BlackElo "1688"]

1. e4 e5 2. Nf3 Nc6 3. Bc4 Bc5 4. d3 Nd4 5. Ng5 Ne6 6. Bxe6 dxe6 7. Qf3 Nf6 8.
O-O h6 9. Nxf7 Kxf7 10. Nc3 Rf8 11. h3 Kg8 12. Qg3 Bd6 13. Bxh6 1-0

[Event "Challenge"]
[Site "http://www.queenalice.com/game.php?id=1110907"]
[Date "2012.10.9"]
[Round "-"]
[White "pablonet"]
[Black "Xavier"]
[Result "0-1"]
[WhiteElo "1668"]
[BlackElo "1751"]

1. e4 d5 2. Nc3 c6 3. d4 dxe4 4. Nxe4 e5 5. Be3 Bf5 6. f3 exd4 7. Bxd4 Bxe4 8.
fxe4 Qh4+ 9. Bf2 Qxe4+ 10. Qe2 Nf6 11. Qxe4+ Nxe4 12. O-O-O Nxf2 0-1

[Event "Challenge"]
[Site "http://www.queenalice.com/game.php?id=1110908"]
[Date "2012.10.9"]
[Round "-"]
[White "pablonet"]
[Black "Ditto"]
[Result "0-1"]
[WhiteElo "1610"]
[BlackElo "1795"]

1. e4 e5 2. Nf3 Nc6 3. Bc4 Nf6 4. d3 Bc5 5. Nc3 d6 6. Nd5 Ng4 7. Be3 Nxe3 8.
Nxe3 Bxe3 9. fxe3 Bg4 10. h3 Bh5 11. g4 Bg6 12. Qe2 O-O 13. O-O-O a6 14. Bd5 Nb4
15. Kb1 c6 16. Bb3 a5 0-1

[Event "Challenge"]
[Site "http://www.queenalice.com/game.php?id=1112826"]
[Date "2012.10.16"]
[Round "-"]
[White "pablonet"]
[Black "stamm"]
[Result "0-1"]
[WhiteElo "1636"]
[BlackElo "1717"]

1. e4 e5 2. Nf3 d6 3. Bc4 Bg4 4. h3 Bxf3 5. Qxf3 Nf6 6. d3 h6 7. O-O Nc6 8. Be3
Be7 9. Nc3 Nd4 10. Bxd4 exd4 11. Nd5 c6 12. Nxe7 Qxe7 13. b4 b5 14. Bb3 O-O 15.
Rfe1 c5 16. a3 Nd7 17. e5 Nxe5 18. Qc6 Nxc6 0-1

[Event "AUTO-OPEN-2819"]
[Site "http://www.queenalice.com/game.php?id=1112898"]
[Date "2012.10.16"]
[Round "1"]
[White "pablonet"]
[Black "maurice91"]
[Result "0-1"]
[WhiteElo "1615"]
[BlackElo "1879"]

1. e4 c6 2. d4 g6 3. Nf3 d5 4. exd5 cxd5 5. Nc3 Bg7 6. Bb5+ Nc6 7. Bf4 e6 8. O-O
Bd7 9. Bxc6 Bxc6 10. Qe2 Ne7 11. Nb5 Bxb5 12. Qxb5+ Qd7 13. Qxd7+ Kxd7 14. Be3
Rac8 15. Rac1 b6 16. b4 h5 17. a4 Nf5 18. c3 Nxe3 19. fxe3 Rhf8 20. Rf2 Bh6 21.
Re1 Rxc3 22. b5 Rxe3 0-1

[Event "AUTO-OPEN-2819"]
[Site "http://www.queenalice.com/game.php?id=1112899"]
[Date "2012.10.16"]
[Round "1"]
[White "maurice91"]
[Black "pablonet"]
[Result "1-0"]
[WhiteElo "1811"]
[BlackElo "1623"]

1. d4 d5 2. c4 dxc4 3. Nc3 e5 4. d5 c6 5. e4 Nf6 6. Bxc4 Bb4 7. f3 cxd5 8. exd5
Bxc3+ 9. bxc3 a6 10. Ne2 b5 11. Bb3 Bb7 12. Bg5 Bxd5 13. Bxf6 Qxf6 14. Bxd5 Ra7
15. O-O Rd7 16. Qb3 O-O 17. Be4 h6 18. Ng3 g6 19. Qc2 Rd6 20. Bd3 Nd7 21. Ne4
1-0

[Event "Let's Play Chess!"]
[Site "http://www.queenalice.com/game.php?id=1268646"]
[Date "2014.3.28"]
[Round "-"]
[White "pablonet"]
[Black "Rider"]
[Result "0-1"]
[WhiteElo "1605"]
[BlackElo "1576"]

1. e4 c6 2. d4 d5 3. Nc3 f6 4. Nf3 Bg4 5. Be2 dxe4 6. Nxe4 e6 7. h3 Bf5 8. Bd3
c5 9. Bf4 Bxe4 10. Bxe4 c4 11. Bxb7 Nd7 12. Bxa8 Qxa8 13. c3 e5 14. dxe5 fxe5
15. Bxe5 Nh6 16. O-O Rg8 17. Re1 Kd8 18. Bd6 Qc6 19. Bxf8 Rxf8 20. Ne5 Qc7 21.
Nxd7 Qxd7 22. Qxd7+ Kxd7 23. Rad1+ Kc8 24. Rd4 Kb7 25. Rxc4 Nf5 26. Rce4 g6 27.
Re7+ Nxe7 28. Rxe7+ Kb6 29. Rxh7 a5 30. Rg7 Rf6 31. g4 Kc6 32. f4 Kd5 33. Re7
Kc4 34. Kf2 Rd6 35. h4 Rd2+ 36. Re2 Rd1 37. f5 gxf5 38. gxf5 Rd7 39. Ke3 Rh7 40.
f6 Rf7 41. Rf2 Kd5 42. h5 Ke6 43. c4 Kd6 44. h6 Kc5 45. b3 Kb4 46. Kd4 Rd7+ 47.
Ke5 a4 48. f7 Rxf7 49. Rxf7 axb3 50. axb3 Kxb3 51. h7 Kxc4 52. h8=R Kd3 53. Rh4
Ke3 54. Ra7 Kf3 55. Ra3+ Kg2 0-1